[Event "Hamburg-chT Landesliga 2122"]
[Site "Hamburg"]
[Date "2021.10.31"]
[Round "1.8"]
[White "Hedayat Nassab, Djamschid"]
[Black "Welsh, Michael"]
[Result "1/2-1/2"]
[WhiteElo "2087"]
[BlackElo "1987"]
[PlyCount "26"]
[EventDate "2021.10.31"]
[EventType "team-tourn"]
[EventRounds "9"]
[EventCountry "GER"]
[SourceTitle "EXT 2023"]
[Source "ChessBase"]
[SourceDate "2022.10.05"]
[SourceVersion "1"]
[SourceVersionDate "2022.10.05"]
[SourceQuality "1"]
[WhiteTeam "St Pauli III"]
[BlackTeam "St Pauli II"]
[WhiteTeamCountry "GER"]
[BlackTeamCountry "GER"]

1. d4 Nf6 2. Bf4 d5 3. e3 c5 4. Nf3 e6 5. Be2 Bd6 6. Ne5 Nc6 7. Nc3 a6 8. 0-0 Qc7 9. Nd3 cxd4 10. Bxd6 Qxd6 11. exd4 Nxd4 12. Re1 0-0 13. Bf1 Re8 1/2-1/2

[Event "GER-ch Net Amateur Gr-A Vor2"]
[Site "Playchess.com INT"]
[Date "2020.04.15"]
[Round "3"]
[White "Ruprecht, Martin"]
[Black "Welsh, Michael"]
[Result "1-0"]
[WhiteElo "1792"]
[BlackElo "1620"]
[PlyCount "85"]
[EventDate "2020.04.15"]
[EventType "swiss (blitz)"]
[EventRounds "9"]
[EventCountry "GER"]
[SourceTitle "CBM 196 Extra"]
[Source "ChessBase"]
[SourceDate "2020.07.31"]
[SourceVersion "1"]
[SourceVersionDate "2020.07.31"]
[SourceQuality "1"]

1. d4 Nf6 2. c4 e6 3. Nc3 d5 4. Nf3 c5 5. e3 Nc6 6. Be2 a6 7. a4 dxc4 8. Bxc4 b6 9. 0-0 Bb7 10. b3 Qc7 11. Ba3 cxd4 12. Nxd4 Bxa3 13. Rxa3 Qd6 14. Ra2 Nxd4 15. exd4 0-0 16. Rd2 Rfd8 17. Qe2 Qb4 18. Qe3 Rac8 19. Rfd1 Nd5 20. Nxd5 Bxd5 21. Bxa6 Rc3 22. Rd3 Rxd3 23. Rxd3 Bxb3 24. Rxb3 Qxa4 25. Bf1 b5 26. Rxb5 h6 27. h3 Rxd4 28. Rb8+ Kh7 29. Bd3+ f5 30. Rb7 Qd1+ 31. Bf1 Re4 32. Qc3 e5 33. Qg3 Rg4 34. hxg4 f4 35. Qd3+ Qxd3 36. Bxd3+ Kg8 37. Bg6 Kf8 38. Kf1 e4 39. Ke2 e3 40. fxe3 fxe3 41. Kxe3 h5 42. gxh5 Kg8 43. Rb8# 1-0

[Event "Hamburg-chT Landesliga 1920"]
[Site "Hamburg"]
[Date "2019.11.24"]
[Round "3.8"]
[White "Welsh, Michael"]
[Black "Reichhardt, Philip"]
[Result "1-0"]
[WhiteElo "1988"]
[BlackElo "2014"]
[PlyCount "77"]
[EventDate "2019.09.29"]
[EventType "team-tourn"]
[EventRounds "9"]
[EventCountry "GER"]
[SourceTitle "EXT 2021"]
[Source "ChessBase"]
[SourceDate "2020.10.23"]
[SourceVersion "1"]
[SourceVersionDate "2020.10.23"]
[SourceQuality "1"]

1. d4 d5 2. Bf4 Nf6 3. e3 e6 4. Nf3 Bd6 5. Bg3 c6 6. Nbd2 Qc7 7. Ne5 Nbd7 8. f4 b6 9. Bd3 a5 10. Qe2 c5 11. c3 Bb7 12. 0-0 0-0 13. Bh4 Ne4 14. Rad1 Nxd2 15. Rxd2 f5 16. g4 g6 17. Qg2 Nxe5 18. fxe5 Be7 19. Bxe7 Qxe7 20. gxf5 exf5 21. Bxf5 Kh8 22. Bd3 Rxf1+ 23. Bxf1 Rf8 24. Rf2 Rxf2 25. Qxf2 Kg7 26. Qf4 Qe6 27. Bg2 c4 28. Qf3 b5 29. Bh3 Qe7 30. Qg4 Bc6 31. a3 b4 32. axb4 axb4 33. Qf4 bxc3 34. bxc3 Qb7 35. Qf6+ Kh6 36. Bg4 Qb1+ 37. Kf2 Qh1 38. Qf8+ Kg5 39. Qf4+ 1-0

[Event "Bangkok Cha Am op 18th"]
[Site "Bangkog"]
[Date "2018.04.14"]
[Round "2"]
[White "Welsh, Michael"]
[Black "Karasmaki, Seppo"]
[Result "1-0"]
[WhiteElo "1985"]
[BlackElo "1755"]
[PlyCount "57"]
[EventDate "2018.04.13"]
[EventType "swiss"]
[EventRounds "9"]
[EventCountry "THA"]
[SourceTitle "CBM 184 Extra"]
[Source "ChessBase"]
[SourceDate "2018.06.28"]
[SourceVersion "1"]
[SourceVersionDate "2018.06.28"]
[SourceQuality "1"]

1. d4 d6 2. e4 Nf6 3. Nc3 g6 4. Be3 c6 5. Qd2 b5 6. Bd3 Nbd7 7. a4 b4 8. Nce2 a5 9. Nf3 Nb6 10. c3 bxc3 11. bxc3 d5 12. e5 Ng4 13. Bg5 h5 14. h3 Nh6 15. Nh4 Bf5 16. Nxf5 gxf5 17. Ng3 f6 18. exf6 exf6 19. Qe2+ Qe7 20. Bxf6 Qxe2+ 21. Bxe2 Rh7 22. Bxh5+ Nf7 23. 0-0 f4 24. Rfe1+ Kd7 25. Bg4+ Kc7 26. Nh5 Nh6 27. Be5+ Kd8 28. Nf6 Re7 29. Bd6 1-0

[Event "Berlin Spandau op"]
[Site "Berlin"]
[Date "2017.12.29"]
[Round "6"]
[White "Andersen, Guttorm"]
[Black "Welsh, Michael"]
[Result "1/2-1/2"]
[WhiteElo "1845"]
[BlackElo "2030"]
[PlyCount "59"]
[EventDate "2017.12.27"]
[EventType "swiss"]
[EventRounds "7"]
[EventCountry "GER"]
[SourceTitle "CBM 182 Extra"]
[Source "ChessBase"]
[SourceDate "2018.02.23"]
[SourceVersion "1"]
[SourceVersionDate "2018.02.23"]
[SourceQuality "1"]

1. d4 Nf6 2. c4 e6 3. Nc3 d5 4. Nf3 c5 5. e3 Nc6 6. cxd5 Nxd5 7. Bb5 Bd7 8. Nxd5 exd5 9. 0-0 a6 10. Be2 Be6 11. b3 Be7 12. dxc5 Bxc5 13. Bb2 0-0 14. Qc2 Qe7 15. Rfd1 Rac8 16. Rac1 Ba7 17. Qd2 Rfd8 18. Nd4 Qd6 19. Nxc6 Rxc6 20. Rxc6 Qxc6 21. Rc1 Qd6 22. Bd4 Bb6 23. Bf3 Bxd4 24. Qxd4 h6 25. g3 Qd7 26. Rd1 Qb5 27. e4 Qa5 28. Rd2 Re8 29. b4 Qa3 30. Kg2 1/2-1/2

[Event "EU-ch rapid"]
[Site "Katowice"]
[Date "2017.12.16"]
[Round "2"]
[White "Welsh, Michael"]
[Black "Krejci, Jan1111"]
[Result "1/2-1/2"]
[WhiteElo "2038"]
[BlackElo "2570"]
[PlyCount "85"]
[EventDate "2017.12.16"]
[EventType "swiss (rapid)"]
[EventRounds "11"]
[EventCountry "POL"]
[SourceTitle "CBM 182 Extra"]
[Source "ChessBase"]
[SourceDate "2018.02.23"]
[SourceVersion "1"]
[SourceVersionDate "2018.02.23"]
[SourceQuality "1"]

1. d4 Nf6 2. Bf4 e6 3. Nc3 Bb4 4. e3 Nd5 5. Qd3 b6 6. Nge2 Ba6 7. Qd2 Bxc3 8. Nxc3 Nxf4 9. exf4 d5 10. Bxa6 Nxa6 11. 0-0 0-0 12. a3 c5 13. Ne2 Qf6 14. c3 Rac8 15. g3 Rc7 16. Rfe1 Rfc8 17. Rad1 g6 18. Nc1 h5 19. Qe2 Nb8 20. Qe5 Nd7 21. Qxf6 Nxf6 22. f3 Ne8 23. Ne2 Kg7 24. g4 Nf6 25. h3 a5 26. Kg2 b5 27. dxc5 Rxc5 28. Nd4 Rb8 29. Rxe6 b4 30. axb4 axb4 31. Re7 Kf8 32. Re3 bxc3 33. bxc3 Rb2+ 34. Kg3 Rc8 35. f5 g5 36. h4 gxh4+ 37. Kxh4 hxg4 38. fxg4 Kg7 39. Nf3 Ne4 40. f6+ Kg6 41. Rxd5 Nxf6 42. Rg5+ Kh6 43. Rf5 1/2-1/2

[Event "Hamburg St Pauli op"]
[Site "Hamburg"]
[Date "2012.07.15"]
[Round "9"]
[White "Engelbert, Christoph"]
[Black "Welsh, Michael"]
[Result "0-1"]
[WhiteElo "2198"]
[BlackElo "2045"]
[PlyCount "70"]
[EventDate "2012.07.07"]
[EventType "swiss"]
[EventRounds "9"]
[EventCountry "GER"]
[SourceTitle "EXT 2013"]
[Source "ChessBase"]
[SourceDate "2012.11.22"]
[SourceVersion "1"]
[SourceVersionDate "2012.11.22"]
[SourceQuality "1"]

1. e4 d6 2. d4 Nf6 3. Nc3 e5 4. dxe5 dxe5 5. Qxd8+ Kxd8 6. Bc4 Be6 7. Bxe6 fxe6 8. Be3 Bb4 9. f3 Bxc3+ 10. bxc3 b6 11. c4 Nc6 12. Kd2 Na5 13. Kc3 c5 14. Nh3 Ke7 15. Nf2 Nc6 16. Nd3 h6 17. Bf2 Nd7 18. h3 Nd4 19. Bxd4 exd4+ 20. Kb3 Kd6 21. a4 Ne5 22. Nxe5 Kxe5 23. a5 Rhd8 24. Rhd1 Rd6 25. Ka4 bxa5 26. Rab1 Rb6 27. Kxa5 Rab8 28. Rb5 Rxb5+ 29. cxb5 Rb6 30. g3 g5 31. Rd3 h5 32. Ka4 g4 33. fxg4 hxg4 34. h4 Kxe4 35. h5 e5 0-1

[Event "Hamburg St Pauli op-A"]
[Site "Hamburg"]
[Date "2011.07.14"]
[Round "7"]
[White "Powierski, Emil"]
[Black "Welsh, Michael"]
[Result "1/2-1/2"]
[WhiteElo "2019"]
[BlackElo "2061"]
[PlyCount "53"]
[EventDate "2011.07.09"]
[EventType "swiss"]
[EventRounds "9"]
[EventCountry "GER"]
[SourceTitle "CBM 143 Extra"]
[Source "ChessBase"]
[SourceDate "2011.08.29"]
[SourceVersion "1"]
[SourceVersionDate "2011.08.29"]
[SourceQuality "1"]

1. e4 c5 2. Nf3 e6 3. d4 cxd4 4. Nxd4 Nf6 5. Nc3 Nc6 6. Ndb5 Bc5 7. Bf4 0-0 8. Bc7 Qe7 9. Bd6 Bxd6 10. Qxd6 Ne8 11. Qxe7 Nxe7 12. Rd1 f5 13. Be2 fxe4 14. Nxe4 d5 15. Ned6 Nxd6 16. Nxd6 Rd8 17. Nxc8 Raxc8 18. Rd2 Nf5 19. Bg4 Rc4 20. Bxf5 exf5 21. Ke2 Kf7 22. Rhd1 Ke6 23. c3 a5 24. Rd4 Rxd4 25. Rxd4 Rc8 26. Ke3 Ke5 27. Rd2 1/2-1/2

[Event "Hamburg St Pauli op-A"]
[Site "Hamburg"]
[Date "2011.07.11"]
[Round "3"]
[White "Knaak, Michael"]
[Black "Welsh, Michael"]
[Result "1-0"]
[WhiteElo "1919"]
[BlackElo "2061"]
[PlyCount "125"]
[EventDate "2011.07.09"]
[EventType "swiss"]
[EventRounds "9"]
[EventCountry "GER"]
[SourceTitle "CBM 143 Extra"]
[Source "ChessBase"]
[SourceDate "2011.08.29"]
[SourceVersion "1"]
[SourceVersionDate "2011.08.29"]
[SourceQuality "1"]

1. d4 Nf6 2. Nc3 e6 3. e4 Bb4 4. e5 Ne4 5. Qg4 Nxc3 6. Qxg7 Rf8 7. a3 Qh4 8. axb4 Qxd4 9. Bd3 Nd5 10. Nf3 Qxb4+ 11. Bd2 Qe7 12. Qxh7 f5 13. Qxe7+ Nxe7 14. h4 Nbc6 15. h5 b6 16. Bg5 Bb7 17. h6 Nd8 18. h7 Ng6 19. Bf6 Nf7 20. Bg7 a5 21. Bxf8 Kxf8 22. Ng5 Nxg5 23. h8Q+ Nxh8 24. Rxh8+ Kg7 25. Rxa8 Bxa8 26. f4 Ne4 27. Bxe4 Bxe4 28. 0-0-0 Bc6 29. g3 Kg6 30. Kd2 Kh5 31. Ke3 Kg6 32. Rd2 Kf7 33. Rh2 Kg7 34. Rh5 Be4 35. c3 Bd5 36. Rg5+ Kf7 37. g4 fxg4 38. Rxg4 Bb3 39. Kd4 Bc2 40. Rh4 Kg7 41. Rh2 Ba4 42. Rd2 Kf7 43. Ke3 Bc6 44. Kf2 Ke7 45. Kg3 Bd5 46. Rh2 c6 47. Rh8 b5 48. Rb8 a4 49. Rc8 Be4 50. Kf2 Bd5 51. Ke3 Bb3 52. Kd4 Bc2 53. Kc5 Bg6 54. Rg8 Kf7 55. Rh8 Ke7 56. Rh6 Be4 57. Rh3 Bg6 58. Rg3 Be8 59. c4 bxc4 60. Kxc4 Bh5 61. Rg7+ Kd8 62. Kb4 Bd1 63. Kc5 1-0

[Event "Winterthur op2"]
[Site "Winterthur"]
[Date "2002.10.14"]
[Round "4"]
[White "Welsh, Michael"]
[Black "Eckert, Beat"]
[Result "1-0"]
[WhiteElo "2089"]
[BlackElo "1643"]
[PlyCount "81"]
[EventDate "2002.10.11"]
[EventType "swiss"]
[EventRounds "9"]
[EventCountry "SUI"]
[SourceTitle "EXT 2004"]
[Source "ChessBase"]
[SourceDate "2003.11.25"]
[SourceVersion "1"]
[SourceVersionDate "2003.11.25"]
[SourceQuality "1"]

1. e4 c5 2. Nc3 e6 3. f4 Nf6 4. e5 Ng8 5. Nf3 d5 6. exd6 Bxd6 7. d4 cxd4 8. Qxd4 Nf6 9. Be3 0-0 10. 0-0-0 Be7 11. Qa4 Qe8 12. Bb5 Nc6 13. Ne5 Bd7 14. Nxd7 Nxd7 15. Bxc6 bxc6 16. Qxc6 Nb6 17. Qxe8 Rfxe8 18. Bxb6 axb6 19. a3 Bc5 20. Rhe1 Be7 21. Rd7 Bc5 22. Ne4 Rec8 23. Nxc5 bxc5 24. f5 exf5 25. Ree7 Rf8 26. Rd5 g6 27. Rxc5 Rad8 28. c3 Rd3 29. Kc2 Rfd8 30. Re2 R3d7 31. a4 Ra8 32. a5 Rd6 33. b4 Kg7 34. Rc7 f4 35. Ree7 Rf6 36. Ra7 f3 37. gxf3 Rxa7 38. Rxa7 Rxf3 39. a6 Rf6 40. b5 Rb6 41. Rb7 1-0

[Event "AUT-chT2W 9899"]
[Site "Austria"]
[Date "1998.10.17"]
[Round "1.5"]
[White "Welsh, Michael"]
[Black "Tschohl, Christof"]
[Result "0-1"]
[WhiteElo "2135"]
[BlackElo "2130"]
[PlyCount "64"]
[EventDate "1998.10.??"]
[EventType "team"]
[EventRounds "9"]
[EventCountry "AUT"]
[SourceTitle "EXT 2000"]
[Source "ChessBase"]
[SourceDate "1999.11.16"]
[SourceVersion "1"]
[SourceVersionDate "1999.11.16"]
[SourceQuality "1"]

1. e4 c5 2. Nc3 Nc6 3. f4 e6 4. Nf3 d5 5. d3 Nf6 6. e5 Nd7 7. Bd2 a6 8. g3 b5 9. Bg2 Be7 10. 0-0 0-0 11. Qe2 b4 12. Nd1 Qc7 13. Ne3 a5 14. Rae1 Ba6 15. b3 Nd4 16. Qf2 Rac8 17. Rc1 Nxf3+ 18. Bxf3 c4 19. dxc4 dxc4 20. Be2 Bc5 21. c3 Qa7 22. cxb4 axb4 23. bxc4 Rcd8 24. Rc2 Nxe5 25. Bc1 Nd3 26. Bxd3 Rxd3 27. Re1 Rfd8 28. Qe2 Qa8 29. Qg2 Bb7 30. Qe2 Bf3 31. Qf1 Qe4 32. Qf2 Rd1 0-1

[Event "AUT-chT3 9798"]
[Site "Vorarlberg "]
[Date "1998.01.30"]
[Round "7"]
[White "Tschohl, Christof"]
[Black "Welsh, Michael"]
[Result "0-1"]
[WhiteElo "2125"]
[BlackElo "2155"]
[PlyCount "90"]
[EventDate "1997.??.??"]
[EventType "team-tourn"]
[EventRounds "9"]
[EventCountry "AUT"]
[SourceTitle "EXT 1999"]
[Source "ChessBase"]
[SourceDate "1998.11.16"]
[SourceVersion "1"]
[SourceVersionDate "1998.11.16"]
[SourceQuality "1"]

1. e4 c5 2. Nf3 e6 3. d4 cxd4 4. Nxd4 a6 5. c4 Nf6 6. Bd3 b6 7. e5 Ng8 8. Be4 Ra7 9. b3 Qc7 10. Nf3 Ne7 11. 0-0 Ng6 12. Bb2 Nc6 13. Bxc6 Qxc6 14. Nd4 Qc7 15. Qe2 Qxe5 16. Qxe5 Nxe5 17. Nxe6 Nf3+ 18. gxf3 dxe6 19. Nd2 Bb4 20. Ne4 f5 21. Ng3 Rd7 22. Rad1 Kf7 23. Rxd7+ Bxd7 24. Ne2 Bc6 25. Nd4 Bb7 26. a3 Be7 27. Re1 Bf6 28. f4 h6 29. Kf1 Rd8 30. Nxe6 Re8 31. Bxf6 gxf6 32. Nc7 Bg2+ 33. Kxg2 Rxe1 34. Nxa6 Ra1 35. a4 Ra3 36. c5 Rxb3 37. cxb6 Rxb6 38. Nc5 Rc6 39. Nb7 Ke7 40. f3 Rc4 41. Kh3 Rxa4 42. Nc5 Rd4 43. Nb3 Rd1 44. Na5 Ke6 45. Nc4 Rd3 0-1

[Event "Goetzis-B"]
[Site "Goetzis"]
[Date "1996.??.??"]
[Round "5"]
[White "Feher, Gyula"]
[Black "Welsh, Michael"]
[Result "1-0"]
[WhiteElo "2375"]
[BlackElo "2155"]
[PlyCount "67"]
[EventDate "1996.??.??"]
[EventType "tourn"]
[EventRounds "9"]
[EventCountry "AUT"]
[EventCategory "3"]
[SourceTitle "EXT 1998"]
[Source "ChessBase"]
[SourceDate "1997.11.17"]
[SourceVersion "1"]
[SourceVersionDate "1997.11.17"]
[SourceQuality "1"]

1. e4 c5 2. Nf3 e6 3. d4 cxd4 4. Nxd4 a6 5. Bd3 Bc5 6. Nb3 Be7 7. 0-0 Nc6 8. c4 Nf6 9. Nc3 b6 10. Be3 d6 11. Rc1 Bb7 12. f4 0-0 13. Bb1 Rc8 14. Qf3 Nb8 15. Nd2 Nbd7 16. Qh3 g6 17. b3 Re8 18. Nf3 Nh5 19. g4 Ng7 20. Ng5 Nf8 21. Qh6 f5 22. gxf5 exf5 23. Qh3 fxe4 24. Bxe4 Bxe4 25. Ngxe4 Nf5 26. Bf2 Ne6 27. Nd5 Nc5 28. Rfe1 b5 29. Nef6+ Kf8 30. Nxe8 Qxe8 31. Nxe7 Nxe7 32. Rxe7 Qxe7 33. Qxc8+ Kf7 34. Re1 1-0

[Event "IRL-ch"]
[Site "Dublin"]
[Date "1996.??.??"]
[Round "3"]
[White "Fox, Anthony"]
[Black "Welsh, Michael"]
[Result "1-0"]
[WhiteElo "2125"]
[BlackElo "2170"]
[PlyCount "79"]
[EventDate "1996.??.??"]
[EventType "swiss"]
[EventRounds "9"]
[EventCountry "IRL"]
[SourceTitle "EXT 2000"]
[Source "ChessBase"]
[SourceDate "1999.11.16"]
[SourceVersion "1"]
[SourceVersionDate "1999.11.16"]
[SourceQuality "1"]

1. e4 c5 2. Nf3 e6 3. d3 Nc6 4. g3 d5 5. Nbd2 Nf6 6. Bg2 Be7 7. 0-0 0-0 8. Re1 b6 9. e5 Nd7 10. h4 Qc7 11. Qe2 Ba6 12. Nf1 Rac8 13. c3 b5 14. Bf4 Rfd8 15. N1h2 d4 16. Ng4 dxc3 17. bxc3 Bf8 18. Ng5 Ne7 19. Nf6+ gxf6 20. exf6 e5 21. fxe7 Bxe7 22. Qh5 Bxg5 23. Qxg5+ Kh8 24. Bxe5+ Nxe5 25. Qf6+ Kg8 26. Rxe5 Rd6 27. Rg5+ Kf8 28. Qg7+ Ke8 29. Re1+ Re6 30. Rxe6+ fxe6 31. Qg8+ Ke7 32. Rg7+ Kf6 33. Rxc7 Rxg8 34. Rxa7 Bc8 35. Rxh7 Rd8 36. Rc7 c4 37. dxc4 bxc4 38. Rxc4 e5 39. Rc6+ Kf7 40. Rc7+ 1-0

[Event "Goetzis-B"]
[Site "Goetzis"]
[Date "1996.??.??"]
[Round "3"]
[White "Hardicsay, Peter"]
[Black "Welsh, Michael"]
[Result "1/2-1/2"]
[WhiteElo "2395"]
[BlackElo "2155"]
[PlyCount "38"]
[EventDate "1996.??.??"]
[EventType "tourn"]
[EventRounds "9"]
[EventCountry "AUT"]
[EventCategory "3"]
[SourceTitle "EXT 1998"]
[Source "ChessBase"]
[SourceDate "1997.11.17"]
[SourceVersion "1"]
[SourceVersionDate "1997.11.17"]
[SourceQuality "1"]

1. c4 Nf6 2. Nc3 g6 3. e4 d6 4. d4 Bg7 5. f3 0-0 6. Be3 e5 7. d5 c6 8. Bd3 cxd5 9. cxd5 Nh5 10. Nge2 f5 11. exf5 gxf5 12. Qd2 Nd7 13. 0-0 Nc5 14. Bc2 a5 15. a3 Bd7 16. b4 axb4 17. axb4 Na6 18. Rab1 Rc8 19. b5 Nc5 1/2-1/2

[Event "Liechtenstein op 14th"]
[Site "Liechtenstein"]
[Date "1996.??.??"]
[Round "7"]
[White "Karl, Hans"]
[Black "Welsh, Michael"]
[Result "1-0"]
[WhiteElo "2280"]
[BlackElo "2170"]
[PlyCount "59"]
[EventDate "1996.05.??"]
[EventType "swiss"]
[EventRounds "9"]
[EventCountry "LIE"]
[SourceTitle "EXT 1998"]
[Source "ChessBase"]
[SourceDate "1997.11.17"]
[SourceVersion "1"]
[SourceVersionDate "1997.11.17"]
[SourceQuality "1"]

1. e4 c5 2. Nc3 e6 3. g3 Nc6 4. Bg2 a6 5. d3 b5 6. f4 Bb7 7. Be3 d6 8. Nf3 Nf6 9. a4 b4 10. Ne2 Be7 11. h3 d5 12. e5 Nd7 13. c3 0-0 14. 0-0 a5 15. d4 Ba6 16. Rf2 bxc3 17. bxc3 Rb8 18. g4 Qb6 19. Ng3 Qb3 20. Qd2 Rfc8 21. f5 cxd4 22. Nxd4 Nxd4 23. Bxd4 Bh4 24. Qf4 Rxc3 25. fxe6 f6 26. exf6 Nxf6 27. Bxc3 Bxg3 28. Qxg3 d4 29. Rb2 dxc3 30. Qxb8+ 1-0

[Event "Liechtenstein op 14th"]
[Site "Liechtenstein"]
[Date "1996.??.??"]
[Round "3"]
[White "Lochner, Herbert"]
[Black "Welsh, Michael"]
[Result "0-1"]
[WhiteElo "1885"]
[BlackElo "2170"]
[PlyCount "84"]
[EventDate "1996.05.??"]
[EventType "swiss"]
[EventRounds "9"]
[EventCountry "LIE"]
[SourceTitle "EXT 1998"]
[Source "ChessBase"]
[SourceDate "1997.11.17"]
[SourceVersion "1"]
[SourceVersionDate "1997.11.17"]
[SourceQuality "1"]

1. Nf3 b6 2. c4 c5 3. Nc3 Bb7 4. e4 d6 5. d4 cxd4 6. Nxd4 Nf6 7. f3 e6 8. Be2 Be7 9. 0-0 0-0 10. b3 a6 11. Be3 Nbd7 12. Qd2 Rc8 13. Rac1 Re8 14. Rfd1 Bf8 15. g4 h6 16. Qe1 d5 17. cxd5 exd5 18. Nf5 dxe4 19. f4 Bc5 20. Bxc5 Rxc5 21. Nd6 Qc7 22. Nxe8 Nxe8 23. b4 Rc6 24. Nd5 Qd8 25. Rxc6 Bxc6 26. Bxa6 Bxd5 27. Rxd5 Nef6 28. Rd4 Qa8 29. Bc4 Qc6 30. Qc3 Kf8 31. Qb3 Nxg4 32. h3 Ngf6 33. Kf2 b5 34. Bxf7 Qc1 35. Bg6 Qxf4+ 36. Ke1 Ne5 37. Rd8+ Ke7 38. Qd1 Qe3+ 39. Kf1 Qxh3+ 40. Ke1 Qh1+ 41. Ke2 Qg2+ 42. Ke1 Nf3+ 0-1

[Event "Goetzis op"]
[Site "Goetzis"]
[Date "1996.??.??"]
[Round "4"]
[White "Studer, Kurt"]
[Black "Welsh, Michael"]
[Result "0-1"]
[WhiteElo "1720"]
[BlackElo "2155"]
[PlyCount "64"]
[EventDate "1996.08.??"]
[EventType "swiss"]
[EventRounds "9"]
[EventCountry "AUT"]
[SourceTitle "EXT 1999"]
[Source "ChessBase"]
[SourceDate "1998.11.16"]
[SourceVersion "1"]
[SourceVersionDate "1998.11.16"]
[SourceQuality "1"]

1. e4 c5 2. Nf3 e6 3. d4 cxd4 4. Nxd4 a6 5. Nc3 Qc7 6. Be2 b5 7. a3 Bb7 8. f4 Nf6 9. Bf3 d6 10. Be3 Be7 11. 0-0 0-0 12. g4 Nc6 13. g5 Nd7 14. Qe2 Rfe8 15. Bg2 Rac8 16. Nxc6 Qxc6 17. Rfd1 Nb6 18. h4 Nc4 19. Bc1 Nb6 20. Rd3 d5 21. exd5 exd5 22. Qf1 Bc5+ 23. Kh1 Qe6 24. Bd2 Qg4 25. Rh3 Nc4 26. Bc1 d4 27. Bxb7 Re1 28. Qxe1 Qxh3+ 29. Kg1 dxc3+ 30. Qf2 Qg3+ 31. Bg2 Qxf2+ 32. Kh2 cxb2 0-1

[Event "Goetzis op"]
[Site "Goetzis"]
[Date "1996.??.??"]
[Round "7"]
[White "Welsh, Michael"]
[Black "Amann, Guenter"]
[Result "1-0"]
[WhiteElo "2155"]
[BlackElo "1985"]
[PlyCount "99"]
[EventDate "1996.08.??"]
[EventType "swiss"]
[EventRounds "9"]
[EventCountry "AUT"]
[SourceTitle "EXT 1999"]
[Source "ChessBase"]
[SourceDate "1998.11.16"]
[SourceVersion "1"]
[SourceVersionDate "1998.11.16"]
[SourceQuality "1"]

1. e4 c5 2. Nc3 Nc6 3. g3 g6 4. d3 Bg7 5. Be3 d6 6. Bg2 Rb8 7. f4 b5 8. Qd2 b4 9. Nd1 Qb6 10. Nf3 f5 11. exf5 gxf5 12. 0-0 Nf6 13. Kh1 0-0 14. a3 a5 15. axb4 axb4 16. Re1 Bb7 17. Ng5 Nd8 18. Bg1 h6 19. Nf3 e6 20. Ne3 Re8 21. Nc4 Qc7 22. c3 Nc6 23. Re2 Kf7 24. h3 Ra8 25. Rc1 Re7 26. Kh2 Ra2 27. cxb4 Nxb4 28. Nfe5+ dxe5 29. Nxe5+ Kg8 30. Rxc5 Nc6 31. Nxc6 Bxc6 32. Rxc6 Qb8 33. Rb6 Qe8 34. Qb4 Qh5 35. Qxe7 Qxe2 36. Qxe6+ Qxe6 37. Rxe6 Rxb2 38. Bd4 Kf7 39. Bxb2 Kxe6 40. Kg1 Bf8 41. Kf2 Bb4 42. Bb7 Kf7 43. Kf3 h5 44. Bc8 Kg6 45. Be6 Bd6 46. Be5 Bb4 47. d4 Ne8 48. g4 hxg4+ 49. hxg4 Nd6 50. gxf5+ 1-0

[Event "AUT-chT 9596"]
[Site "Vorarlberg"]
[Date "1996.??.??"]
[Round "4"]
[White "Welsh, Michael"]
[Black "Mittelberger, Hermann"]
[Result "1-0"]
[WhiteElo "2200"]
[BlackElo "1850"]
[PlyCount "97"]
[EventDate "1995.??.??"]
[EventType "team"]
[EventRounds "9"]
[EventCountry "AUT"]
[SourceTitle "EXT 1999"]
[Source "ChessBase"]
[SourceDate "1998.11.16"]
[SourceVersion "1"]
[SourceVersionDate "1998.11.16"]
[SourceQuality "1"]

1. e4 c5 2. Nc3 e6 3. Nf3 a6 4. g3 Nc6 5. Bg2 g6 6. d3 Bg7 7. Be3 d6 8. Qd2 Qa5 9. 0-0 Bd7 10. Nh4 Nge7 11. Bh6 0-0 12. Bxg7 Kxg7 13. f4 Nd4 14. Qf2 Rab8 15. Rae1 Nec6 16. f5 exf5 17. Nd5 fxe4 18. Qf6+ Kg8 19. Qxd6 Be6 20. Nf6+ Kg7 21. Bxe4 c4 22. Bxc6 Qb6 23. Rf2 Nxc6 24. Rxe6 Rbd8 25. Nd7 fxe6 26. Qxf8+ Rxf8 27. Nxb6 cxd3 28. Rxf8 Kxf8 29. cxd3 Nb4 30. Nd7+ Ke7 31. Nc5 b6 32. a3 bxc5 33. axb4 cxb4 34. Nf3 a5 35. Nd4 Kd6 36. Kf2 a4 37. Ke3 Kd5 38. Nc2 b3 39. Na3 Ke5 40. Nc4+ Kf5 41. Kf3 Kg5 42. d4 Kf5 43. g4+ Kf6 44. Kf4 h6 45. h4 Ke7 46. Ke5 Kf7 47. g5 hxg5 48. hxg5 Ke7 49. Na3 1-0

[Event "Goetzis"]
[Site "Goetzis"]
[Date "1995.??.??"]
[Round "4"]
[White "Dobosz, Henryk"]
[Black "Welsh, Michael"]
[Result "1-0"]
[WhiteElo "2420"]
[BlackElo "2200"]
[PlyCount "69"]
[EventDate "1995.??.??"]
[EventType "tourn"]
[EventRounds "9"]
[EventCountry "AUT"]
[EventCategory "1"]
[SourceTitle "EXT 1997"]
[Source "ChessBase"]
[SourceDate "1996.11.15"]
[SourceVersion "1"]
[SourceVersionDate "1996.11.15"]
[SourceQuality "1"]

1. d4 d5 2. c4 Bf5 3. cxd5 Bxb1 4. Qa4+ c6 5. Rxb1 Qxd5 6. Nf3 Nd7 7. a3 Ngf6 8. e3 Qe4 9. Ra1 e5 10. Be2 exd4 11. Qxd4 Bc5 12. Qxe4+ Nxe4 13. b4 Be7 14. Bb2 Bf6 15. Bxf6 Ndxf6 16. Nd4 0-0 17. f3 Nc3 18. Bc4 a5 19. Kd2 Ncd5 20. e4 Nb6 21. Bb3 Rfd8 22. Kc3 c5 23. bxc5 Rac8 24. c6 bxc6 25. Rhd1 Nfd7 26. Nf5 Kf8 27. Nd6 Rc7 28. Nxf7 Nd5+ 29. exd5 cxd5+ 30. Kb2 Kxf7 31. Rxd5 Kf6 32. Rad1 a4 33. Bxa4 Rb8+ 34. Rb5 Ra8 35. Rxd7 1-0

[Event "AUT-chT 9596"]
[Site "Vorarlberg"]
[Date "1995.??.??"]
[Round "2"]
[White "Foerch, August"]
[Black "Welsh, Michael"]
[Result "0-1"]
[WhiteElo "1900"]
[BlackElo "2200"]
[PlyCount "100"]
[EventDate "1995.??.??"]
[EventType "team"]
[EventRounds "9"]
[EventCountry "AUT"]
[SourceTitle "EXT 1999"]
[Source "ChessBase"]
[SourceDate "1998.11.16"]
[SourceVersion "1"]
[SourceVersionDate "1998.11.16"]
[SourceQuality "1"]

1. c4 c6 2. d4 e6 3. Nc3 d5 4. e3 Nd7 5. Nf3 f5 6. a3 Ngf6 7. Be2 Ne4 8. 0-0 Bd6 9. cxd5 exd5 10. Ne1 0-0 11. f4 Ndf6 12. Nd3 Be6 13. Ne5 Rc8 14. Nxe4 dxe4 15. b4 a6 16. Qd2 Nd5 17. Bb2 g5 18. g3 Rc7 19. Kh1 Kh8 20. Nc4 gxf4 21. gxf4 Rg7 22. Nxd6 Qxd6 23. Rg1 Rfg8 24. Rxg7 Rxg7 25. Rg1 Qe7 26. Rxg7 Qxg7 27. Bc1 Qh6 28. Qe1 Qh3 29. Qg3 Qxg3 30. hxg3 Nc3 31. Bh5 Kg7 32. Kh2 Bf7 33. Bxf7 Kxf7 34. Bd2 Nd1 35. Kg2 Kg6 36. Kh3 Nf2+ 37. Kh4 Ng4 38. Bc1 Nh2 39. Kh3 Ng4 40. Kh4 h5 41. Bd2 Nh2 42. Kh3 Nf3 43. Bc3 Kf7 44. Kg2 Ke6 45. Kf1 Kd5 46. Ke2 Kc4 47. Bb2 Kb3 48. Ba1 Kxa3 49. Kd1 Kxb4 50. Kc2 Kc4 0-1